Указ его императорскаго величества самодержца всероссийскаго, (Запись № 12241352)

Подробности
000 -МАРКЕР
контрольное поле 04505nam0a22004331 4500
001 - ИДЕНТИФИКАТОР ЗАПИСИ
контрольное поле RU\NLR\BIBL_A\011550525
005 - ИДЕНТИФИКАТОР ВЕРСИИ
контрольное поле 20260408070013.0
035 ## - ДРУГИЕ СИСТЕМНЫЕ НОМЕРА
Идентификатор записи (NLR Aleph) 011550525
100 ## - ДАННЫЕ ОБЩЕЙ ОБРАБОТКИ
Данные общей обработки 20171208j1802 |||y0rusy50 ca
101 0# - ЯЗЫК РЕСУРСА
Язык текста, звукозаписи и т.д. русский
102 ## - СТРАНА ПУБЛИКАЦИИ ИЛИ ПРОИЗВОДСТВА
Страна публикации Российская Федерация
105 ## - ПОЛЕ КОДИРОВАННЫХ ДАННЫХ: ТЕКСТОВЫЕ МАТЕРИАЛЫ, МОНОГРАФИЧЕСКИЕ
Кодированные данные о монографическом текстовом документе y n 000yy
200 1# - ЗАГЛАВИЕ И СВЕДЕНИЯ ОБ ОТВЕТСТВЕННОСТИ
Основное заглавие Указ его императорскаго величества самодержца всероссийскаго,
Сведения, относящиеся к заглавию [О возвращении бывшему гвардии корнету Панкратию Сумарокову дворянского достоинства]
Первые сведения об ответственности из Правительствующаго Сената
210 ## - ПУБЛИКАЦИЯ, РАСПРОСТРАНЕНИЕ И ДР.
Место издания, распространения и т.д. [Б.м.
Дата издания, распространения и т.д. апр. 1802]
215 ## - ФИЗИЧЕСКАЯ ХАРАКТЕРИСТИКА
Специфическое обозначение материала и объем [2] с.
Размеры
300 ## - ОБЩИЕ ПРИМЕЧАНИЯ
Текст примечания Сенат. указ о рассылке именного указа от 26 марта 1802 г.
300 ## - ОБЩИЕ ПРИМЕЧАНИЯ
Текст примечания Текст напеч. на одной стороне листа
300 ## - ОБЩИЕ ПРИМЕЧАНИЯ
Текст примечания В левом нижнем углу: По 1 му департаменту
304 ## - ПРИМЕЧАНИЯ, ОТНОСЯЩИЕСЯ К ЗАГЛАВИЮ И СВЕДЕНИЯМ ОБ ОТВЕТСТВЕННОСТИ
Текст примечания Текст начинается словами: По имянному его императорскаго величества высочайшему указу, данному Правительствующему Сенату минувшаго марта в 26 день за собственноручным его величества подписанием, в котором изображено: "Бывшему корнету гвардии Панкратию Сумарокову сосланному в Сибирь с лишением чинов и дворянства..."
306 ## - ПРИМЕЧАНИЯ, ОТНОСЯЩИЕСЯ К ПУБЛИКАЦИИ, РАСПРОСТРАНЕНИЮ И ИСПОЛНЕНИЯ ИЗДАНИЯ
Текст примечания В конце текста дата рассылки: Апреля дня 1802 года
316 ## - ПРИМЕЧАНИЯ ОБ ОСОБЕННОСТЯХ ЭКЗЕМПЛЯРА
Текст примечания Экз. РНБ (18.88.1.1-3-77) является частью владельч. конволюта. Припл. к: Указ Придворной канторе!: [О штате по Придворному ведомству]. - [Б.м., 1802]. В правом верхнем углу от руки написан порядковый номер аллигата в конволюте: 77
Организация и экземпляр, к которому относится поле NLR: 18.88.1.1-3-77
482 #0 - ПРИПЛЕТЕНО К
Встроенное поле 001RU\NLR\BIBL_A\011509453
-- RU\NLR\BIBL_A\011509453
-- 2001#$aУказ Придворной канторе!$e[О штате по Придворному ведомству]
-- 210##$a[Б.м.$d1802]
Системный номер (АБИС) связанной записи 12037524
Место публикации [Б.м.
Дата публикации 1802]
Сведения, относящиеся к заглавию [О штате по Придворному ведомству]
Физическая характеристика [6], 20 л., V л., [43] с.
Заглавие Указ Придворной канторе!
517 1# - ДРУГИЕ ВАРИАНТЫ ЗАГЛАВИЯ
Вариант заглавия По имянному его императорскаго величества высочайшему указу, данному Правительствующему Сенату минувшаго марта в 26 день за собственноручным его величества подписанием, в котором изображено: "Бывшему корнету гвардии Панкратию Сумарокову сосланному в Сибирь с лишением чинов и дворянства..."
518 1# - ЗАГЛАВИЕ В СТАНДАРТНОМ СОВРЕМЕННОМ ПРАВОПИСАНИИ
Основное заглавие, вариант заглавия или унифицированное заглавие Указ его императорского величества самодержца всероссийского
518 1# - ЗАГЛАВИЕ В СТАНДАРТНОМ СОВРЕМЕННОМ ПРАВОПИСАНИИ
Основное заглавие, вариант заглавия или унифицированное заглавие По именному его императорского величества высочайшему указу, данному Правительствующему Сенату минувшего марта в 26 день за собственноручным его величества подписанием, в котором изображено: "Бывшему корнету гвардии Панкратию Сумарокову сосланному в Сибирь с лишением чинов и дворянства..."
606 1# - НАИМЕНОВАНИЕ ТЕМЫ КАК ПРЕДМЕТ
Наименование темы Законодательство
Географический подзаголовок Россия
Хронологический подзаголовок 1801 - 1825
Системный номер авторитетной/нормативной записи 2280395
Идентификатор авторитетной/нормативной записи RU\NLR\AUTH\6601594564
686 ## - ИНДЕКСЫ ДРУГИХ КЛАССИФИКАЦИЙ
Индекс Х2(2)47-3
702 #0 - ИМЯ ЛИЦА - ВТОРИЧНАЯ ОТВЕТСТВЕННОСТЬ
Код отношения Подписавшее лицо
Материалы, к которым относится поле rus
Графика поля Кириллица
Начальный элемент ввода Александр
Дополнения к именам, кроме дат император российский
Римские цифры I
Даты 1777-1825
Идентификатор авторитетной/нормативной записи RU\NLR\AUTH\775342
Системный номер авторитетной/нормативной записи 115306
702 #1 - ИМЯ ЛИЦА - ВТОРИЧНАЯ ОТВЕТСТВЕННОСТЬ
Код отношения Прочие
Графика поля Кириллица
Материалы, к которым относится поле rus
Начальный элемент ввода Сумароков
Часть имени, кроме начального элемента ввода П. П.
Даты 1765-1814
Расширение инициалов личного имени Панкратий Платонович
Системный номер авторитетной/нормативной записи 181768
Идентификатор авторитетной/нормативной записи RU\NLR\AUTH\770181819
710 01 - НАИМЕНОВАНИЕ ОРГАНИЗАЦИИ - ПЕРВИЧНАЯ ОТВЕТСТВЕННОСТЬ
Код отношения Подписавшее лицо
Начальный элемент ввода Россия
Структурное подразделение Император
Идентифицирующий признак 1801-1825; Александр I
Идентификатор авторитетной/нормативной записи RU\NLR\AUTH\8810042745
Системный номер авторитетной/нормативной записи 584940
711 01 - НАИМЕНОВАНИЕ ОРГАНИЗАЦИИ - АЛЬТЕРНАТИВНАЯ ОТВЕТСТВЕННОСТЬ
Код отношения Прочие
Начальный элемент ввода Россия
Структурное подразделение Сенат
Идентификатор авторитетной/нормативной записи RU\NLR\AUTH\889948534
Системный номер авторитетной/нормативной записи 392688
852 ## - МЕСТОНАХОЖДЕНИЕ И ШИФР ХРАНЕНИЯ
Идентификатор организации NLR
Шифр хранения (Call Number) 18.88.1.1-3-77
942 ## - ДОПОЛНИТЕЛЬНЫЕ ЭЛЕМЕНТЫ ЗАПИСИ (АБИС)
Тип экземпляра АБИС Книга
980 ## - КОЛЛЕКЦИЯ
Название коллекции Национальная библиография
980 ## - КОЛЛЕКЦИЯ
Название коллекции Русская книга гражданской печати XVIII в. в библиотеках РФ
980 ## - КОЛЛЕКЦИЯ
Название коллекции Указы

Нет доступных экземпляров.